000 00890nam a2200289 i 4500
001 bg
003 BPK
005 20201207102711.0
008 960718s1992 pl f f |000 0 pol d
020 _a8301105447X
040 _cBPK
041 _apol
080 _a339.138
080 _a005.2
080 _a(07)
100 1 _aSznajder, Andrzej
_eAutor
245 1 0 _aStrategie marketingowe na rynku międzynarodowym /
_cAndrzej Sznajder.
260 _aWarszawa :
_bWydaw. Naukowe PWN,
_c1992.
300 _a165, [2] s. :
_bwykr. ;
_c21 cm.
504 _aBibliogr. s. 159-162.
650 4 _aDecyzje
_xgospodarka.
655 4 _aPodręcznik
650 4 _aMarketing międzynarodowy
710 2 _aWydawnictwo Naukowe PWN
_4pbl.
856 _uhttp://koha.tu.koszalin.pl/cgi-bin/koha/opac-detail.pl?biblionumber=5731
_yKatalog online BPK
942 _cKS
_2UKD
999 _c5731
_d5731